000 00387nam a2200145Ia 4500
008 230711s9999||||xx |||||||||||||| ||und||
041 _aENG
082 _a624
_bBA-V
100 _aBalendra .T
245 0 _aVibration of buildings to wind and earthquake loads
250 _a1st Ed.
260 _c1994
_aNew Delhi
_bOxford University Press
650 _aMechanical Engineering
942 _cBK
999 _c3094
_d3094